MLB's Best Possible 26-man Team - Statistics

General Stats
  • This quiz has been taken 92 times
  • The average score is 21 of 26
Answer Stats
Placement Team Pos Answer % Correct
Batting 4th Yankees RF Babe Ruth
97%
Starting Rotation Diamondbacks LHP Randy Johnson
96%
Starting Rotation Senators RHP Walter Johnson
96%
Batting 2nd Giants LF Barry Bonds
93%
Batting 1st Yankees 1B Lou Gehrig
91%
Batting 3rd Giants CF Willie Mays
91%
Starting Rotation Dodgers LHP Clayton Kershaw
89%
Starting Rotation Braves RHP Greg Maddux
89%
Bullpen Yankees RHP Mariano Rivera
89%
Batting 8th Reds C Johnny Bench
88%
Starting Rotation Red Sox RHP Pedro Martinez
85%
Bench Braves RF Hank Aaron
84%
Bullpen Astros LHP Billy Wagner
83%
Bench Pirates SS Honus Wagner
83%
Batting 6th Rangers SS Alex Rodriguez
81%
Batting 7th Phillies 3B Mike Schmidt
81%
Starting Rotation Red Sox RHP Roger Clemens
81%
Bench Red Sox LF Ted Williams
80%
Bench Cardinals 1B Albert Pujols
75%
Bullpen Athletics RHP Dennis Eckersley
75%
Bench Cardinals RF Stan Musial
73%
Bench Reds 2B Joe Morgan
71%
Bench Expos C Gary Carter
64%
Batting 5th Cardinals 2B Rogers Hornsby
59%
Bullpen Yankees RHP Rich Gossage
44%
Bullpen Royals RHP Dan Quisenberry
25%
No matching quizzes found
Score Distribution
Percent of People with Each Score
Percentile by Number Answered
Your Score History
You have not taken this quiz